000
00256nam a22001217a 4500
008
181031b xxu||||| |||| 00| 0 eng d
041
_a
eng
080
_a
910
100
_a
44
101
_a
GEO
245
_a
Oceans Sciences
_c
Segar D,A
942
_2
udc
_c
BK
999
_c
51343
_d
51343